LIBRARY & INFORMATION CENTRE, KCAET, TAVANUR

ONLINE PUBLIC ACCESS CATALOGUE (OPAC)

Contemperory theory in international relations / (Record no. 3515)

MARC details
000 -LEADER
fixed length control field 00429cam a2200157ua 4500
041 ## - LANGUAGE CODE
Language code of text/sound track or separate title eng
082 ## - DEWEY DECIMAL CLASSIFICATION NUMBER
Classification number 303.482
Item number HOF/CO
100 ## - MAIN ENTRY--AUTHOR NAME
Personal name Hoffman, Stanley .
245 ## - TITLE STATEMENT
Title Contemperory theory in international relations /
250 ## - EDITION STATEMENT
Edition statement 1 /
260 ## - PUBLICATION, DISTRIBUTION, ETC. (IMPRINT)
Place of publication New Delhi :
Name of publisher Prentice Hall of India Pvt Ltd. ,
Year of publication 1964.
300 ## - PHYSICAL DESCRIPTION
Number of Pages 293 ; .
942 ## - ADDED ENTRY ELEMENTS (KOHA)
Koha item type Books
Holdings
Withdrawn status Lost status Damaged status Home library Current library Date acquired Full call number Accession Number Koha item type
Withdrawn   Damaged KAUAET KAUAET 07/04/2012 303.482 10810 Books
free website counter